000 00575nam a2200229Ia 4500
003 OSt
005 20220923230550.0
006 a|||||r|||| 00| 0
007 ta
008 Pun
024 _a283,264
037 _cTextual
040 _aARTS
_cARTS
_bPun
041 _2Pun
_aPun
082 _aO153,3NSA,WA, N3
100 _aਸਾਕੀ, ਐਮ
_9159534
245 0 _aਵੱਡਾ ਆਦਮੀ
260 _c1993
650 _aਪੰਜਾਬੀ ਸਾਹਿਤ
942 _hO153,3NSA,WA, N3
_cTEXL
_2CC
999 _c385752
_d385752